Juegue con sus hijos
Guardat en:
| Autor principal: | |
|---|---|
| Format: | Llibre |
| Idioma: | espanyol |
| Publicat: |
Barcelona
Martínez Roca
1982
|
| Col·lecció: | Fontana Práctica
|
| Matèries: | |
| Etiquetes: |
Afegir etiqueta
Sense etiquetes, Sigues el primer a etiquetar aquest registre!
|
MARC
| LEADER | 00000nam a2200000 a 4500 | ||
|---|---|---|---|
| 001 | UCY9474 | ||
| 003 | CL-VaPUC | ||
| 008 | 950717e19820000SP |||||||||||||||||spa|d | ||
| 082 | 0 | 4 | |a 790.191 |b ARC |2 21 |
| 100 | 0 | |a Arce, Carlos de |e author |9 341666 | |
| 245 | 1 | 0 | |a Juegue con sus hijos |
| 300 | |a 219 p | ||
| 942 | |c BK | ||
| 945 | |d 19950717 00:00:00 |a cmena | ||
| 260 | |a Barcelona |b Martínez Roca |c 1982 | ||
| 650 | 7 | |a JUEGO |2 CL-VaPUC |9 311404 | |
| 650 | 7 | |a RELACIONES PADRES-HIJOS |2 CL-VaPUC |9 308185 | |
| 650 | 0 | |a Actividades de tiempo libre |9 334349 | |
| 650 | 0 | |a Juegos educativos |9 307366 | |
| 650 | 0 | |a Creatividad |9 310816 | |
| 583 | |a last modification |c 19950717 00:00:00 |k Rodrigo Vera | ||
| 490 | 0 | |a Fontana Práctica | |
| 999 | |c 236561 |d 236559 | ||
| 952 | |0 0 |1 0 |4 0 |6 790_191000000000000_ARC_1982 |7 0 |8 P |9 244729 |a BIBEDU |b BIBEDU |c BIBEDU_PB |d 2019-11-18 |i 1531484 |o 790.191 ARC 1982 |p 1531484 |r 2024-01-25 |w 2019-11-18 |y BK |k EDU | ||